| 000 | 00452nam a2200169Ia 4500 | ||
|---|---|---|---|
| 008 | 141014s9999||||xx |||||||||||||| ||und|| | ||
| 010 | _a8068 | ||
| 020 | _aS/ISBN | ||
| 082 | _a336.2 S.464 | ||
| 100 | _aSeligman, Edwin R. | ||
| 245 | _aEl impuesto progresivo en la teoria y en la practica | ||
| 250 | _aS/E | ||
| 260 |
_aLibrería General de Víctoriano Suárez Madrid, España _c1913 |
||
| 300 |
_a432 _c20 cm |
||
| 650 | _aImpuesto | ||
| 942 | _cBK | ||
| 999 |
_c8218 _d8218 |
||